'R' Boy Names (1987) Quiz Stats

Quiz not verified by Sporcle

Challenge
Share
Tweet
Embed
Score 0/60 Timer 10:00
1 Play Today
Rank Name % Correct
30.Richard
97.7%
10.Robert
97.2%
419.Rick
95.2%
282.Ray
93.4%
148.Ricky
92.4%
706.Ron
92.1%
79.Raymond
91.9%
13.Ryan
90.8%
73.Ronald
90.8%
682.Robbie
86.8%
167.Roberto
85.2%
227.Ronnie
85%
104.Randy
84.5%
131.Ricardo
80.9%
196.Reginald
79.6%
150.Randall
77.6%
176.Roger
77.6%
815.Reggie
77.4%
203.Roy
76.6%
442.Roland
72%
235.Ramon
71.2%
171.Rodney
69.7%
119.Russell
69.7%
517.Robin
69.3%
297.Ralph
69.2%
399.Riley
67.9%
599.Rex
67.7%
349.Rudy
66.9%
162.Ross
63.9%
443.Roman
62.6%
Rank Name % Correct
731.Rudolph
62.3%
180.Ruben
62.1%
480.Rusty
61.8%
450.Rory
59.3%
503.Rocky
57.3%
207.Rafael
56.5%
580.Randolph
53.2%
959.Rufus
48.6%
212.Raul
47.6%
489.Reid
43%
338.Roderick
41.5%
874.Reece
40.2%
304.Rene
38.2%
760.Rocco
38.2%
657.Rodrigo
34.9%
439.Rolando
34.4%
655.Royce
33.3%
783.Raymundo
28.2%
700.Rhett
27%
538.Reynaldo
26%
687.Rico
25.2%
635.Rigoberto
16.3%
381.Rodolfo
15.5%
336.Rashad
12%
438.Rogelio
11.2%
888.Ramsey
8.9%
748.Roosevelt
7.4%
796.Rashawn
7.1%
887.Raheem
6.9%
492.Ramiro
5.1%

You're not logged in!

Compare scores with friends on all Sporcle quizzes.
Sign Up with Email
OR
Log In

You Might Also Like...

Show Comments

Extras

Top Quizzes Today


Score Distribution

Your Account Isn't Verified!

In order to create a playlist on Sporcle, you need to verify the email address you used during registration. Go to your Sporcle Settings to finish the process.

Report this User

Report this user for behavior that violates our Community Guidelines.

Details: